NA Central FNCS Winners - Statistics

General Stats
  • This quiz has been taken 11 times
  • The average score is 19 of 21
Answer Stats
Season Gamemode Country Year Player % Correct
Chapter 5 Season 1 Duo USA ๐Ÿ‡บ๐Ÿ‡ธ 2024 Cold
100%
Chapter 6 Season 2 Trio USA ๐Ÿ‡บ๐Ÿ‡ธ 2025 Cold
100%
Chapter 6 Season 3 Trio USA ๐Ÿ‡บ๐Ÿ‡ธ 2025 Cold
100%
Chapter 7 Season 2 Duo USA ๐Ÿ‡บ๐Ÿ‡ธ 2026 Curve
100%
Chapter 5 Season 2 Duo USA ๐Ÿ‡บ๐Ÿ‡ธ 2024 Peterbot
100%
Chapter 5 Season 3 Duo USA ๐Ÿ‡บ๐Ÿ‡ธ 2024 Peterbot
100%
Chapter 6 Season 2 Trio USA ๐Ÿ‡บ๐Ÿ‡ธ 2025 Peterbot
100%
Chapter 6 Season 3 Trio USA ๐Ÿ‡บ๐Ÿ‡ธ 2025 Peterbot
100%
Chapter 6 Season 2 Trio USA ๐Ÿ‡บ๐Ÿ‡ธ 2025 Ritual
100%
Chapter 6 Season 3 Trio USA ๐Ÿ‡บ๐Ÿ‡ธ 2025 Ritual
100%
Chapter 7 Season 2 Duo United Kingdom ๐Ÿ‡ฌ๐Ÿ‡ง 2026 Veno
100%
Chapter 5 Season 1 Duo Canada ๐Ÿ‡จ๐Ÿ‡ฆ 2024 Acorn
89%
Chapter 6 Season 1 Trio Canada ๐Ÿ‡จ๐Ÿ‡ฆ 2025 Acorn
89%
Chapter 4 Season 3 Duo USA ๐Ÿ‡บ๐Ÿ‡ธ 2023 Ajerss
89%
Chapter 6 Season 1 Trio USA ๐Ÿ‡บ๐Ÿ‡ธ 2025 Ajerss
89%
Chapter 5 Season 2 Duo Mexico ๐Ÿ‡ฒ๐Ÿ‡ฝ 2024 Pollo
89%
Chapter 5 Season 3 Duo Mexico ๐Ÿ‡ฒ๐Ÿ‡ฝ 2024 Pollo
89%
Chapter 6 Season 1 Trio Mexico ๐Ÿ‡ฒ๐Ÿ‡ฝ 2025 Pollo
89%
Chapter 4 Season 3 Duo USA ๐Ÿ‡บ๐Ÿ‡ธ 2023 Khanada
67%
Chapter 4 Season 2 Duo Mexico ๐Ÿ‡ฒ๐Ÿ‡ฝ 2023 Dukez
56%
Chapter 4 Season 2 Duo USA ๐Ÿ‡บ๐Ÿ‡ธ 2023 Edgey
56%
No matching quizzes found
Score Distribution
Percent of People with Each Score
Percentile by Number Answered
Your Score History
You have not taken this quiz